Как любить ребенка. Книга о воспитании: сборник; пер. с пол.

Bibliographic Details
Main Author: Корчак Я. Януш
Language:Russian
Published: Москва, Политиздат, 1990
Subjects:
Format: Book
KOHA link:https://koha.lib.tpu.ru/cgi-bin/koha/opac-detail.pl?biblionumber=18387

MARC

LEADER 00000nam0a2200000 4500
001 18387
005 20231030191253.0
010 |a 5250011055 
035 |a (RuTPU)RU\TPU\book\18536 
035 |a BOOK00003224 
090 |a 18387 
100 |a 20011209d1990 km y0rusy50 ca 
101 1 |a rus  |c pol 
102 |a RU 
105 |a y z 000zy 
200 1 |a Как любить ребенка. Книга о воспитании  |e сборник  |e пер. с пол.  |f Я. Корчак 
210 |a Москва  |c Политиздат  |d 1990 
215 |a 492 с. 
610 1 |a педагогика 
610 1 |a воспитание 
610 1 |a дети 
686 |a Ч49  |v LBC/SL-A  |2 rubbk 
700 1 |a Корчак  |b Я.  |g Януш 
801 0 |a RU  |b 63413507  |c 20011209  |g PSBO 
801 2 |a RU  |b 63413507  |c 20160209  |g PSBO 
942 |c BK